| 000 | 00777nam a2200241Ia 4500 | ||
|---|---|---|---|
| 003 | OSt | ||
| 005 | 20220930070510.0 | ||
| 006 | a|||||r|||| 00| 0 | ||
| 007 | ta | ||
| 008 | 220926b |||||||| |||| 00| 0 eng d | ||
| 024 | _a7082 | ||
| 037 | _cTheses | ||
| 040 |
_aCRL _cCRL _beng |
||
| 041 |
_2eng _aeng |
||
| 100 |
_aShyam Sunder _9503338 |
||
| 110 | _aUniversity of Delhi. Faculty of Education. Department of Education | ||
| 245 | 0 | _aStudy of problems and personality profiles of truants in various types of schools in Delhi with a view to suggesting measures to check them | |
| 260 | _c1979 | ||
| 650 | _aEDUCATION | ||
| 700 | _aUniversity of Delhi. Faculty of Education. Department of Education | ||
| 942 |
_cDIS _2CC |
||
| 999 |
_c860993 _d860993 |
||